00818nam a2200217 a 450000100100000000500170001000800410002702000150006804000250008308200210010810000440012924501090017325000280028226000320031030000280034265000360037070000430040604900090044995201250045899900170058300001209820200929162708.0091104s1980 mx 001 0 spa d a9682401909 aDO-SdBNPbspacBNPHU a411bG585c, 19801 aGodínez de la Barrera, Gonzalo92858010aCurso programado de ortografía /cGonzalo Godínez de la Barrera ; prologuista, José Huerta Ibarra. a4a ed. ; 1a reimp. 1980 aMéxico :bTrillas,c1980. a126 p. :bil. ;c23 cm. 4aOrtografíaxEnseñanza995991 aHuerta Ibarra, José,epról.928581 aBNGR 001052708MOaGRbGRcCTd2009-11-04iLF1l0o411 G585c, 1980p12098-10r2020-06-25w2020-06-25y2ZPréstamo interno c11763d11763